|
|
|
|
| LEADER |
00992nam a22002777a 4500 |
| 001 |
AAL7076 |
| 003 |
BD-DhAAL |
| 005 |
20160111144708.0 |
| 008 |
160111m19871972naua|||| |||| 00| 0 eng d |
| 020 |
|
|
|a 0022561307
|
| 040 |
|
|
|a BD-DhAAL
|c BD-DhAAL
|
| 082 |
|
|
|a 428.6
|
| 100 |
|
|
|a Cassidy, Jack
|9 17279
|
| 245 |
|
|
|a Reaching high /
|c Jack Cassidy, Doris Roettger and Karen K Wixson;
|
| 260 |
|
|
|a New York :
|b Scribner Educational Publishers,
|c ©1987.
|
| 300 |
|
|
|a 621 p. :
|b ill. ;
|c 24 cm.
|
| 490 |
|
|
|a Scribner reading series
|
| 541 |
|
|
|e 7076
|
| 650 |
|
|
|a Readers (Elementary)
|9 17280
|
| 650 |
|
|
|a English language
|x Composition and exercises.
|9 17281
|
| 650 |
|
|
|a Readers -- 1950-
|9 17282
|
| 700 |
|
|
|a Roettger, Doris
|9 17283
|
| 700 |
|
|
|a Wixson, Karen K
|9 17284
|
| 942 |
|
|
|2 ddc
|c BK
|
| 999 |
|
|
|c 36577
|d 36577
|
| 952 |
|
|
|0 0
|1 0
|2 ddc
|4 0
|6 428_600000000000000_CAS
|7 0
|9 57560
|a SCL
|b SCL
|c GEN
|d 2016-01-11
|e Gift: The Asia Foundation
|l 0
|o 428.6 CAS
|p 3020007076
|r 2016-01-11
|t 1
|w 2016-01-11
|y BK
|